| 000 | 01090pam a2200301 a 4500 | ||
|---|---|---|---|
| 999 |
_c43812 _d43812 |
||
| 001 | 3431094 | ||
| 005 | 20190604203208.0 | ||
| 008 | 910326s1992 ilua b 001 0 eng | ||
| 010 | _a 91003406 | ||
| 020 | _a0256089167 | ||
| 040 |
_aDLC _cDLC _dDLC |
||
| 050 | 0 | 0 |
_aHF5635 _b.H54 1992 |
| 082 | 0 | 0 |
_a657 A-18 _220 |
| 100 | 1 |
_aHermanson, Roger H. _92079 |
|
| 245 | 1 | 0 |
_aAccounting principles / _cRoger H. Hermanson, James Don Edwards, Michael W. Maher. |
| 250 | _a5th ed. | ||
| 260 |
_aHomewood, IL : _bIrwin, _cc1992. |
||
| 300 |
_a1 v. (various pagings) : _bcol. ill. ; _c28 cm. |
||
| 504 | _aIncludes bibliographical references and index. | ||
| 650 | 0 |
_aAccounting. _92071 |
|
| 653 | _aსაბუღალტრო პრინციპები | ||
| 653 | _aბუღალტერია | ||
| 700 | 1 |
_aEdwards, James Don. _92080 |
|
| 700 | 1 |
_aMaher, Michael, _d1946- _92081 |
|
| 906 |
_a7 _bcbc _corignew _d1 _eocip _f19 _gy-gencatlg |
||
| 942 |
_2udc _cBK |
||
| 955 | _apc03 to bt00 03-26-91; bt26 to SCD 04-01-91; fe10 04-03-91; fn02 04-05-91; CIP ver. ea10 to SL 11-05-91 | ||